| 000 | 00713cam a22002411 4500 | ||
|---|---|---|---|
| 001 | 9976 | ||
| 003 | BD-RjUL | ||
| 005 | 20211208234856.0 | ||
| 008 | 140122s1956 enka 000 0 eng d | ||
| 035 | _a(BD-RjUL)10022 | ||
| 040 |
_aDLC/ICU _cICU _dDLC _d(BD-RjUL) _beng |
||
| 041 | _aeng | ||
| 082 | 0 | 0 |
_a548 _bWET |
| 100 | 1 |
_aWells, A. F. _q(Alexander Frank), _d1912- _930812 |
|
| 245 | 1 | 4 |
_aThe third dimension in chemistry / _cWells, A. F. |
| 260 |
_aOxford : _bClarendon Press, _c1956. |
||
| 300 |
_a143 p. : _billus. ; _c23 cm. |
||
| 650 | 0 |
_aCrystallography, Mathematical. _930813 |
|
| 650 | 0 |
_aChemistry, Physical and theoretical. _930814 |
|
| 942 |
_2ddc _cBK |
||
| 999 |
_c9976 _d9976 |
||